Matthew Henry's commentary on the whole Bible / (Record no. 9865)

MARC details
000 -LEADER
fixed length control field 00531nam a22001937a 4500
003 - CONTROL NUMBER IDENTIFIER
control field GBCCL
005 - DATE AND TIME OF LATEST TRANSACTION
control field 20241126110720.0
008 - FIXED-LENGTH DATA ELEMENTS--GENERAL INFORMATION
fixed length control field 230807b ||||| |||| 00| 0 eng d
020 ## - INTERNATIONAL STANDARD BOOK NUMBER
International Standard Book Number 9781884543043,
020 ## - INTERNATIONAL STANDARD BOOK NUMBER
International Standard Book Number 1884543049
040 ## - CATALOGING SOURCE
Transcribing agency gbc
082 ## - DEWEY DECIMAL CLASSIFICATION NUMBER
Classification number 220.77
Item number HEN
245 ## - TITLE STATEMENT
Title Matthew Henry's commentary on the whole Bible /
Statement of responsibility, etc. Matthew Henry
260 ## - PUBLICATION, DISTRIBUTION, ETC.
Place of publication, distribution, etc. Waybesboro, GA,
Name of publisher, distributor, etc. Authentic Media,
Date of publication, distribution, etc. ©1995
300 ## - PHYSICAL DESCRIPTION
Extent 1024 pages ;
Dimensions 24 cm
650 ## - SUBJECT ADDED ENTRY--TOPICAL TERM
Topical term or geographic name entry element Bible
9 (RLIN) 5
650 ## - SUBJECT ADDED ENTRY--TOPICAL TERM
Topical term or geographic name entry element Bible
Form subdivision Commentaires
9 (RLIN) 17163
942 ## - ADDED ENTRY ELEMENTS (KOHA)
Source of classification or shelving scheme Dewey Decimal Classification
Koha item type Reference Books
Holdings
Withdrawn status Lost status Source of classification or shelving scheme Damaged status Not for loan Home library Current Library Shelving location Date acquired Total checkouts Full call number Barcode Date last seen Copy number Price effective from Koha item type
    Dewey Decimal Classification     GRACE BIBLE COLLEGE GRACE BIBLE COLLEGE Commentary 2023-08-07   220.77 HEN 020348 2025-05-01 c.1 2023-08-07 Reference Books
© Grace Bible College Library 2025